000 00728nam a2200253Ia 4500
003 OSt
005 20221005032138.0
006 a|||||r|||| 00| 0
007 ta
008 221004b |||||||| |||| 00| 0 eng d
024 _a26933
037 _cTextual
040 _aCRL
_cCRL
_beng
041 _2eng
_aeng
082 _a2:97, M2
100 _aHaglep Ronald
_9584878
245 0 _aBibliographic record and information technology
260 _aChicago
_bAmerican Library Association
_c1982
300 _axx, 345p. Appendices (p 295-331)
_ccm.
650 _aLIBRARY SCIENCE
700 _a Simmons Peter
_9584879
942 _h2:97, M2
_cTEXL
_2cc
999 _c939198
_d939198